|
|
|
|
| LEADER |
00000nab a2200000 a 4500 |
| 001 |
vtls000870667 |
| 003 |
SK-MaSNL |
| 005 |
20260304105425.0 |
| 008 |
250429c2004 xo 0 slo |
| 015 |
|
|
|a SNBRB2004/04-13287
|
| 035 |
|
|
|a CLN000222219
|
| 035 |
|
|
|a urn:nbn:sk:snk-abs9g
|
| 035 |
|
|
|a (urnnbn)urn:nbn:sk:snk:ar-0033ub
|
| 035 |
|
|
|a (uuid)be965f41-cf6b-4220-acb2-14fe240cc40e
|
| 040 |
|
|
|a SNKBUCL
|b slo
|c SNKBUCL
|e AACR2
|
| 041 |
0 |
|
|a hun
|
| 044 |
|
|
|a xo
|c SK
|
| 080 |
|
|
|a 82:929:821.162.3
|2 1997
|
| 080 |
|
|
|a 821.162.3:929
|2 1997
|
| 080 |
|
|
|a 929 Hrabal, Bohumil
|2 1997
|
| 100 |
1 |
|
|a Petříček, Miroslav,
|d 1951-
|4 aut
|9 194486
|
| 245 |
1 |
0 |
|a Hrabal-glossza
|c Miroslav Petříček ; fordította P. Olexo Anna
|
| 300 |
|
|
|b Obr.
|
| 600 |
1 |
7 |
|a Hrabal, Bohumil,
|d 1914-1997
|2 snkbucl
|9 110629
|
| 655 |
|
7 |
|a články z novín a časopisov
|2 snkbucl
|9 267496
|
| 700 |
1 |
|
|a Olexo, Anna P.,
|d 1939-
|4 trl
|9 221188
|
| 773 |
0 |
|
|t Kalligram
|g Č. 3 (2004), s. 67-70
|x 1335-1826
|
| 850 |
|
|
|a Slovenská národná knižnica
|
| 852 |
|
|
|a Slovenská národná knižnica
|
| 958 |
|
|
|a article27
|
| 958 |
|
|
|a OND
|
| 958 |
|
|
|a CZ
|
| 958 |
|
|
|a HU
|
| 958 |
|
|
|a LX
|
| 958 |
|
|
|a BC
|
| 992 |
|
|
|a RBX
|
| 999 |
|
|
|c 2855596
|d 2857526
|